000 00511nam a22001577a 4500
005 2012013007007.0
020 _a8189020188
_c120.00
020 _a9788189020187
_c120.00
100 _aDharmarajan,Geeta
_941963
245 _aThe magical web bridge /
_cby Geeta Dharmarajan ;illusrated by Sonali Biswas
260 _aNew Delhi
_bKatha
_c2004
270 _aA-3 Sarvodaya Enclave,Sri Aurobindo Marg,
_bNew Delhi
_e110017
300 _aUnpaged
_bill
_c26cm.(Hb)
700 _aBiswas,Sonali
_941964
942 _2ddc
_cCH
_mDHA
999 _c62759
_d62759